000 00289nam a22001217a 4500
008 181018b xxu||||| |||| 00| 0 eng d
041 _aeng
080 _a159.9
100 _a49
101 _aPSI
245 _aMultiple Regression in Behavioral Research
_cKerlindger, F.N
942 _2udc
_cBK
999 _c50143
_d50143